| 000 | 00482nam a2200181Ia 4500 | ||
|---|---|---|---|
| 001 | 67766 | ||
| 008 | 150618s9999 xx 000 0 und d | ||
| 020 | _a9781118034699 | ||
| 040 | _cPK-LaUMT | ||
| 082 |
_a 004.6782 _bROD-B |
||
| 100 | _aRodger, Richard | ||
| 245 |
_aBeginning mobile application development in the cloud _cRodger, Richard |
||
| 260 |
_aIndianapolis,USA: _bJohn Wiley, _c2012 |
||
| 300 | _a523 p. | ||
| 546 | _aEN | ||
| 650 | _aMobile application | ||
| 942 | _cBK | ||
| 999 |
_c73234 _d73234 |
||